00557nam a2200169 i 450000100060000000300090000600500170001500700030003200800410003510000240007624500490010026000330014930000350018285200320021799900170024995201210026631422ES-MaACL20230906154357.0t|030129s1954 sp ||||1| spa d1 aBauer, Olga.92655910aEtiqueta y cortesia modernas / cOlga Bauer. aMadrid : bAguilar, c[1954] aXIX, 266 p. : bil. ; c19 cm. aES-MaACLjC-10633 bR.36973 c31422d31422 00104070aATENEOMbATENEOMcSPALd2008-01-17eSCl0oC-10633p1032470r2023-02-23 00:00:00w2023-02-23yMONOGRAFIA